[Event "Larsens Nordjyske Mindeturnering2018"]
[Site "KATEDRALSKOLEN AALBORG"]
[Date "2018.10.14"]
[Round "2.1"]
[White "Danielsen, Henrik"]
[Black "Åke Malmdin, Nils"]
[Result "1-0"]
[BlackElo "2141"]
[WhiteElo "2502"]
[LiveChessVersion "1.4.8"]

1. Nf3 {[%clk 1:28:52]} g6 {[%clk 1:29:05]} 2. d4 {[%clk 1:27:47]} Bg7
{[%clk 1:29:22]} 3. c4 {[%clk 1:27:28]} Nf6 {[%clk 1:27:18]} 4. g3
{[%clk 1:26:55]} O-O {[%clk 1:24:51]} 5. Bg2 {[%clk 1:27:18]} d6 {[%clk 1:24:50]}
6. Nc3 {[%clk 1:27:03]} Nc6 {[%clk 1:24:49]} 7. O-O {[%clk 1:25:06]} a6
{[%clk 1:21:40]} 8. Bg5 {[%clk 1:23:32]} h6 {[%clk 1:21:20]} 9. Be3
{[%clk 1:19:20]} Ng4 {[%clk 1:15:55]} 10. Bc1 {[%clk 1:10:13]} Rb8
{[%clk 1:04:02]} 11. h3 {[%clk 1:06:34]} Nf6 {[%clk 1:04:01]} 12. e4
{[%clk 0:58:28]} e5 {[%clk 0:54:00]} 13. d5 {[%clk 0:58:34]} Ne7 {[%clk 0:49:50]}
14. Ne1 {[%clk 0:49:47]} b5 {[%clk 0:46:20]} 15. cxb5 {[%clk 0:39:00]} axb5
{[%clk 0:46:37]} 16. a3 {[%clk 0:37:28]} Nh5 {[%clk 0:33:42]} 17. Nd3
{[%clk 0:36:59]} Qe8 {[%clk 0:33:00]} 18. g4 {[%clk 0:25:13]} Nf6
{[%clk 0:31:56]} 19. Be3 {[%clk 0:24:24]} h5 {[%clk 0:31:05]} 20. f3
{[%clk 0:24:18]} c5 {[%clk 0:24:34]} 21. b4 {[%clk 0:21:38]} c4 {[%clk 0:22:34]}
22. Nb2 {[%clk 0:22:01]} Bd7 {[%clk 0:21:42]} 23. Qe2 {[%clk 0:19:24]} Nc8
{[%clk 0:16:41]} 24. Rfc1 {[%clk 0:09:21]} hxg4 {[%clk 0:13:54]} 25. fxg4
{[%clk 0:05:40]} Qd8 {[%clk 0:12:50]} 26. Rc2 {[%clk 0:02:31]} Nh7
{[%clk 0:10:38]} 27. a4 {[%clk 0:02:20]} bxa4 {[%clk 0:09:59]} 28. Qxc4
{[%clk 0:02:49]} Nb6 {[%clk 0:09:13]} 29. Qe2 {[%clk 0:01:04]} f5
{[%clk 0:09:20]} 30. exf5 {[%clk 0:01:18]} gxf5 {[%clk 0:09:48]} 31. gxf5
{[%clk 0:01:44]} Bxf5 {[%clk 0:09:45]} 32. Rd2 {[%clk 0:01:29]} Qh4
{[%clk 0:07:50]} 33. Bf2 {[%clk 0:01:37]} Qxb4 {[%clk 0:06:01]} 34. Ncxa4
{[%clk 0:01:54]} Nd7 {[%clk 0:04:55]} 35. Nc4 {[%clk 0:01:53]} e4
{[%clk 0:03:43]} 36. Raa2 {[%clk 0:01:33]} Rfc8 {[%clk 0:02:59]} 37. Ne3
{[%clk 0:01:28]} Qb1+ {[%clk 0:02:18]} 38. Rd1 {[%clk 0:01:24]} Rc1
{[%clk 0:02:41]} 39. Rxc1 {[%clk 0:01:22]} Qxc1+ {[%clk 0:03:09]} 40. Qe1
{[%clk 0:00:57]} Qxe1+ {[%clk 0:02:11]} 41. Bxe1 {[%clk 0:01:27]} Bd4
{[%clk 0:01:35]} 42. Bf2 {[%clk 0:01:16]} Rb1+ {[%clk 0:00:44]} 43. Kh2
{[%clk 0:01:39]} Bg6 {[%clk 0:00:39]} 44. Nc4 {[%clk 0:00:34]} Bg7
{[%clk 0:19:16]} 45. Bg3 {[%clk 0:29:50]} Rd1 {[%clk 0:17:28]} 46. Nxd6
{[%clk 0:28:05]} Rxd5 {[%clk 0:15:49]} 47. Nxe4 {[%clk 0:27:40]} Rd4
{[%clk 0:15:29]} 48. Nac5 {[%clk 0:26:55]} Nhf8 {[%clk 0:15:00]} 49. Nxd7
{[%clk 0:26:34]} Nxd7 {[%clk 0:14:50]} 50. Ng5 {[%clk 0:26:58]} Nf8
{[%clk 0:14:10]} 51. h4 {[%clk 0:21:08]} Bb1 {[%clk 0:13:13]} 52. Ra5
{[%clk 0:19:53]} Rd2 {[%clk 0:12:50]} 53. Bf4 {[%clk 0:20:18]} Ra2
{[%clk 0:11:17]} 54. Rc5 {[%clk 0:17:56]} Bg6 {[%clk 0:08:35]} 55. Kg3
{[%clk 0:17:54]} Ra3+ {[%clk 0:08:40]} 56. Kg4 {[%clk 0:18:00]} Bf7
{[%clk 0:07:34]} 57. Nxf7 {[%clk 0:15:21]} Kxf7 {[%clk 0:08:02]} 58. Bd5+
{[%clk 0:14:48]} Ke7 {[%clk 0:07:41]} 59. Rc7+ {[%clk 0:14:37]} Nd7
{[%clk 0:07:36]} 60. Bc6 {[%clk 0:09:28]} Rd3 {[%clk 0:08:04]} 61. Kf5
{[%clk 0:09:26]} Kd8 {[%clk 0:07:23]} 62. Rxd7+ {[%clk 0:08:29]} Rxd7
{[%clk 0:07:51]} 63. Bxd7 {[%clk 0:08:53]} Kxd7 {[%clk 0:08:10]} 64. Kg6
{[%clk 0:09:23]} Bd4 {[%clk 0:07:42]} 65. Kf7 {[%clk 0:09:49]} Kc6
{[%clk 0:06:00]} 66. Ke6 {[%clk 0:10:13]} Kc5 {[%clk 0:05:03]} 67. h5
{[%clk 0:10:19]} Kc6 {[%clk 0:04:43]} 68. h6 {[%clk 0:10:42]} Kd5+ 1-0

[Event "Larsens Nordjyske Mindeturnering2018"]
[Site "KATEDRALSKOLEN AALBORG"]
[Date "2018.10.14"]
[Round "2.3"]
[White "Holst, Per"]
[Black "Kristiansen, Jens"]
[Result "1/2-1/2"]
[BlackElo "2370"]
[WhiteElo "2132"]
[LiveChessVersion "1.4.8"]

1. d4 {[%clk 1:25:47]} Nf6 {[%clk 1:30:45]} 2. c4 {[%clk 1:26:11]} e6
{[%clk 1:31:07]} 3. Nf3 {[%clk 1:26:19]} Bb4+ {[%clk 1:31:20]} 4. Bd2
{[%clk 1:26:39]} a5 {[%clk 1:31:31]} 5. g3 {[%clk 1:26:40]} d6 {[%clk 1:31:40]}
6. Bg2 {[%clk 1:26:15]} Nbd7 {[%clk 1:31:54]} 7. O-O {[%clk 1:25:17]} e5
{[%clk 1:32:12]} 8. Bg5 {[%clk 1:12:29]} exd4 {[%clk 1:31:52]} 9. Nxd4
{[%clk 1:12:01]} O-O {[%clk 1:27:57]} 10. Qc2 {[%clk 1:09:03]} h6
{[%clk 1:26:41]} 11. Bf4 {[%clk 1:06:18]} Nh5 {[%clk 1:25:26]} 12. Bd2
{[%clk 1:00:58]} Bc5 {[%clk 1:24:27]} 13. Bc3 {[%clk 0:56:55]} Re8
{[%clk 1:21:53]} 14. e3 {[%clk 0:56:19]} Ne5 {[%clk 1:20:47]} 15. Nd2
{[%clk 0:52:59]} c6 {[%clk 1:19:50]} 16. b3 {[%clk 0:49:09]} Nf6 {[%clk 1:13:18]}
17. h3 {[%clk 0:46:17]} Bd7 {[%clk 1:06:47]} 18. Kh2 {[%clk 0:39:59]} d5
{[%clk 1:04:00]} 19. Bb2 {[%clk 0:38:05]} Bd6 {[%clk 0:59:57]} 20. c5
{[%clk 0:31:19]} Bc7 {[%clk 0:59:55]} 21. e4 {[%clk 0:28:58]} dxe4
{[%clk 0:47:27]} 22. Nxe4 {[%clk 0:29:03]} Nd5 {[%clk 0:47:24]} 23. Rad1
{[%clk 0:26:41]} Qe7 {[%clk 0:39:18]} 24. a3 {[%clk 0:25:17]} h5 {[%clk 0:35:50]}
25. Rfe1 {[%clk 0:20:03]} h4 {[%clk 0:35:02]} 26. Nd6 {[%clk 0:17:37]} Bxd6
{[%clk 0:34:55]} 27. cxd6 {[%clk 0:17:57]} Qxd6 {[%clk 0:35:10]} 28. Nf5
{[%clk 0:15:53]} Bxf5 {[%clk 0:33:37]} 29. Qxf5 {[%clk 0:16:11]} Ng6
{[%clk 0:31:02]} 30. Re4 {[%clk 0:11:44]} Rxe4 {[%clk 0:29:14]} 31. Qxe4
{[%clk 0:11:14]} Qc5 {[%clk 0:21:58]} 32. Rd2 {[%clk 0:10:31]} Rd8
{[%clk 0:16:11]} 33. Qc4 {[%clk 0:09:07]} hxg3+ {[%clk 0:15:10]} 34. fxg3
{[%clk 0:09:20]} Qe7 {[%clk 0:13:07]} 35. Bxd5 {[%clk 0:07:13]} cxd5
{[%clk 0:12:36]} 36. Rxd5 {[%clk 0:07:15]} Re8 {[%clk 0:08:58]} 37. Rd2
{[%clk 0:05:55]} Qe1 {[%clk 0:07:48]} 38. Qd4 {[%clk 0:04:01]} Ne5
{[%clk 0:07:07]} 39. Kg2 {[%clk 0:04:22]} f6 {[%clk 0:06:21]} 40. Qd5+
{[%clk 0:03:06]} Kh8 {[%clk 0:06:11]} 41. Bxe5 {[%clk 0:00:35]} Rxe5
{[%clk 0:02:49]} 42. Qd4 {[%clk 0:24:32]} Re2+ {[%clk 0:25:00]} 43. Rxe2
{[%clk 0:24:46]} Qxe2+ {[%clk 0:25:24]} 44. Qf2 {[%clk 0:22:23]} Qd3
{[%clk 0:18:53]} 45. Qf3 {[%clk 0:19:38]} Qc2+ {[%clk 0:19:11]} 46. Kf1
{[%clk 0:19:19]} Qc1+ {[%clk 0:19:14]} 47. Kg2 {[%clk 0:19:22]} Qb2+
{[%clk 0:19:35]} 48. Kf1 {[%clk 0:19:32]} Qxa3 {[%clk 0:19:38]} 49. Qxb7
{[%clk 0:19:15]} Qc1+ {[%clk 0:19:42]} 50. Kg2 {[%clk 0:18:31]} Qd2+
{[%clk 0:20:01]} 51. Kf3 {[%clk 0:18:16]} Qd3+ {[%clk 0:19:08]} 52. Kf2
{[%clk 0:18:25]} Kh7 {[%clk 0:18:30]} 53. Qf3 {[%clk 0:17:02]} Qd4+
{[%clk 0:17:09]} 54. Kg2 {[%clk 0:17:08]} g6 {[%clk 0:16:58]} 55. Qb7+
{[%clk 0:15:12]} Kh6 {[%clk 0:17:06]} 56. Qb5 {[%clk 0:14:36]} Qd2+
{[%clk 0:16:22]} 57. Kf3 {[%clk 0:14:35]} f5 {[%clk 0:14:09]} 58. Qc4
{[%clk 0:13:08]} Qd1+ {[%clk 0:13:50]} 59. Kf2 {[%clk 0:12:45]} 1/2-1/2

[Event "Larsens Nordjyske Mindeturnering2018"]
[Site "KATEDRALSKOLEN AALBORG"]
[Date "2018.10.14"]
[Round "2.4"]
[White "Renman, Nils-Gustaf"]
[Black "Grabow, Pouelsten"]
[Result "1/2-1/2"]
[BlackElo "2127"]
[WhiteElo "2349"]
[LiveChessVersion "1.4.8"]

1. d4 {[%clk 1:30:57]} d5 {[%clk 1:30:55]} 2. Nf3 {[%clk 1:31:20]} Nf6
{[%clk 1:31:16]} 3. c4 {[%clk 1:31:46]} e6 {[%clk 1:31:39]} 4. Nc3
{[%clk 1:32:07]} Be7 {[%clk 1:31:59]} 5. Bg5 {[%clk 1:31:56]} O-O
{[%clk 1:32:16]} 6. e3 {[%clk 1:32:18]} Ne4 {[%clk 1:32:40]} 7. Bxe7
{[%clk 1:32:38]} Qxe7 {[%clk 1:33:04]} 8. Qc2 {[%clk 1:32:46]} Nf6
{[%clk 1:33:27]} 9. O-O-O {[%clk 1:31:44]} b6 {[%clk 1:19:35]} 10. cxd5
{[%clk 1:30:28]} exd5 {[%clk 1:19:52]} 11. Kb1 {[%clk 1:29:56]} Rd8
{[%clk 1:17:58]} 12. h3 {[%clk 1:27:39]} Bb7 {[%clk 1:10:19]} 13. g4
{[%clk 1:22:51]} Nbd7 {[%clk 1:07:33]} 14. Bg2 {[%clk 1:08:23]} Rac8
{[%clk 1:01:11]} 15. Qf5 {[%clk 1:00:10]} Qe6 {[%clk 0:50:07]} 16. Qf4
{[%clk 0:47:29]} Nf8 {[%clk 0:38:22]} 17. Ne5 {[%clk 0:46:31]} Ng6
{[%clk 0:37:07]} 18. Nxg6 {[%clk 0:46:19]} hxg6 {[%clk 0:36:49]} 19. g5
{[%clk 0:45:28]} Ne4 {[%clk 0:35:00]} 20. Bxe4 {[%clk 0:40:35]} dxe4
{[%clk 0:32:43]} 21. h4 {[%clk 0:41:02]} c5 {[%clk 0:28:10]} 22. dxc5
{[%clk 0:40:51]} bxc5 {[%clk 0:28:27]} 23. Rxd8+ {[%clk 0:37:19]} Rxd8
{[%clk 0:28:28]} 24. Qc7 {[%clk 0:37:44]} Qc8 {[%clk 0:26:24]} 25. Qxc8
{[%clk 0:37:18]} Bxc8 {[%clk 0:26:49]} 26. Kc1 {[%clk 0:32:17]} Bg4
{[%clk 0:21:37]} 27. Re1 {[%clk 0:28:37]} Bf3 {[%clk 0:21:18]} 28. Kc2
{[%clk 0:28:55]} f5 {[%clk 0:21:26]} 29. Na4 {[%clk 0:29:02]} Kf7
{[%clk 0:21:42]} 30. Nxc5 {[%clk 0:24:20]} Rh8 {[%clk 0:22:04]} 31. b4
{[%clk 0:21:21]} Rxh4 {[%clk 0:22:28]} 32. a4 {[%clk 0:21:25]} Rh2
{[%clk 0:22:52]} 33. b5 {[%clk 0:21:35]} Rxf2+ {[%clk 0:23:11]} 34. Kb3
{[%clk 0:21:52]} Be2 {[%clk 0:15:18]} 35. Kb4 {[%clk 0:20:56]} Bd3
{[%clk 0:15:37]} 36. Ka5 {[%clk 0:17:40]} Rc2 {[%clk 0:13:57]} 37. Nxd3
{[%clk 0:14:50]} exd3 {[%clk 0:14:14]} 38. Rd1 {[%clk 0:15:14]} d2
{[%clk 0:13:30]} 39. Kb4 {[%clk 0:14:19]} Ke7 {[%clk 0:10:23]} 40. Kb3
{[%clk 0:14:38]} Rc1 {[%clk 0:10:51]} 41. Rxd2 {[%clk 0:14:42]} Rg1
{[%clk 0:11:06]} 42. Kb4 {[%clk 0:11:49]} Rxg5 {[%clk 0:11:04]} 43. Ka5
{[%clk 0:12:07]} Rg4 {[%clk 0:10:40]} 44. Ra2 {[%clk 0:09:49]} Rc4
{[%clk 0:07:18]} 45. Ka6 {[%clk 0:09:05]} Rc7 {[%clk 0:07:25]} 46. a5
{[%clk 0:07:25]} g5 {[%clk 0:05:58]} 47. b6 {[%clk 0:07:05]} axb6
{[%clk 0:06:19]} 48. axb6 {[%clk 0:07:25]} Rc3 {[%clk 0:04:01]} 49. Ra5
{[%clk 0:04:07]} Kd6 {[%clk 0:27:18]} 50. Rxf5 {[%clk 0:24:22]} Kc6
{[%clk 0:23:40]} 51. Rxg5 {[%clk 0:24:36]} Ra3+ {[%clk 0:23:54]} 52. Ra5
{[%clk 0:24:55]} Rb3 {[%clk 0:24:15]} 53. Rg5 {[%clk 0:24:54]} Rxb6+
{[%clk 0:24:18]} 54. Ka5 {[%clk 0:24:31]} 1/2-1/2

[Event "Larsens Nordjyske Mindeturnering2018"]
[Site "KATEDRALSKOLEN AALBORG"]
[Date "2018.10.14"]
[Round "2.5"]
[White "Lilja, Richard"]
[Black "Rooze, Jan"]
[Result "0-1"]
[BlackElo "2313"]
[WhiteElo "2102"]
[LiveChessVersion "1.4.8"]

1. e4 {[%clk 1:30:57]} c5 {[%clk 1:30:57]} 2. Nc3 {[%clk 1:31:17]} Nc6
{[%clk 1:31:24]} 3. Bb5 {[%clk 1:31:29]} Nd4 {[%clk 1:31:33]} 4. Bc4
{[%clk 1:31:51]} a6 {[%clk 1:31:23]} 5. Nf3 {[%clk 1:23:16]} e6 {[%clk 1:16:02]}
6. d3 {[%clk 1:21:49]} b5 {[%clk 1:11:08]} 7. Bb3 {[%clk 1:22:13]} Nxb3
{[%clk 1:11:12]} 8. axb3 {[%clk 1:22:39]} Bb7 {[%clk 1:11:38]} 9. O-O
{[%clk 1:21:33]} Nf6 {[%clk 1:09:08]} 10. Bg5 {[%clk 1:16:55]} h6
{[%clk 1:05:51]} 11. Bh4 {[%clk 1:17:17]} d6 {[%clk 1:04:25]} 12. Nd2
{[%clk 1:01:05]} Be7 {[%clk 0:58:30]} 13. Bg3 {[%clk 0:52:41]} O-O
{[%clk 0:47:29]} 14. f4 {[%clk 0:52:16]} Nd7 {[%clk 0:46:21]} 15. Nf3
{[%clk 0:42:00]} b4 {[%clk 0:36:21]} 16. Nb1 {[%clk 0:42:04]} d5 {[%clk 0:33:49]}
17. Nbd2 {[%clk 0:41:28]} Nf6 {[%clk 0:33:18]} 18. e5 {[%clk 0:34:15]} Nh5
{[%clk 0:33:19]} 19. Qe2 {[%clk 0:34:18]} Qb6 {[%clk 0:29:51]} 20. Rae1
{[%clk 0:32:13]} Nxg3 {[%clk 0:28:12]} 21. hxg3 {[%clk 0:32:38]} c4+
{[%clk 0:28:07]} 22. d4 {[%clk 0:32:24]} cxb3 {[%clk 0:28:23]} 23. Nxb3
{[%clk 0:32:26]} a5 {[%clk 0:28:37]} 24. Nc1 {[%clk 0:29:43]} Ba6
{[%clk 0:20:21]} 25. Nd3 {[%clk 0:30:07]} b3 {[%clk 0:19:16]} 26. cxb3
{[%clk 0:23:03]} Qxb3 {[%clk 0:19:16]} 27. Rd1 {[%clk 0:23:26]} Rfc8
{[%clk 0:17:18]} 28. g4 {[%clk 0:20:49]} Rc2 {[%clk 0:16:15]} 29. Qe3
{[%clk 0:21:05]} Bxd3 {[%clk 0:14:07]} 30. Rxd3 {[%clk 0:21:24]} Qxb2
{[%clk 0:14:29]} 31. Ne1 {[%clk 0:21:22]} Re2 {[%clk 0:13:39]} 32. Qf3
{[%clk 0:21:24]} Bb4 {[%clk 0:10:25]} 33. Qg3 {[%clk 0:15:23]} Rc8
{[%clk 0:07:55]} 34. f5 {[%clk 0:11:08]} Bxe1 {[%clk 0:06:34]} 35. Rxe1
{[%clk 0:11:31]} Rxe1+ {[%clk 0:06:40]} 36. Qxe1 {[%clk 0:11:58]} Rc1
{[%clk 0:06:58]} 37. Rd1 {[%clk 0:11:09]} Qxd4+ {[%clk 0:07:20]} 38. Rxd4
{[%clk 0:11:29]} Rxe1+ {[%clk 0:07:45]} 39. Kh2 {[%clk 0:08:45]} Re4
{[%clk 0:07:34]} 40. Rd3 {[%clk 0:07:32]} Rxg4 {[%clk 0:07:37]} 41. f6
{[%clk 0:06:54]} gxf6 {[%clk 0:04:45]} 0-1

[Event "Larsens Nordjyske Mindeturnering2018"]
[Site "KATEDRALSKOLEN AALBORG"]
[Date "2018.10.14"]
[Round "2.6"]
[White "Sloth, Jørn"]
[Black "Nyholm Hansen, John"]
[Result "0-1"]
[BlackElo "2065"]
[WhiteElo "2306"]
[LiveChessVersion "1.4.8"]

1. c4 {[%clk 1:30:34]} c5 {[%clk 1:30:31]} 2. Nf3 {[%clk 1:29:09]} Nf6
{[%clk 1:29:36]} 3. Nc3 {[%clk 1:25:10]} Nc6 {[%clk 1:26:39]} 4. g3
{[%clk 1:21:44]} g6 {[%clk 1:25:45]} 5. Bg2 {[%clk 1:20:02]} Bg7 {[%clk 1:25:10]}
6. d4 {[%clk 1:20:19]} cxd4 {[%clk 1:23:05]} 7. Nxd4 {[%clk 1:20:46]} Nxd4
{[%clk 1:09:50]} 8. Qxd4 {[%clk 1:20:48]} O-O {[%clk 1:09:49]} 9. Bg5
{[%clk 1:15:47]} d6 {[%clk 1:07:29]} 10. Qd2 {[%clk 1:11:40]} a6 {[%clk 1:05:01]}
11. Rd1 {[%clk 1:00:02]} Qb6 {[%clk 0:38:09]} 12. O-O {[%clk 0:50:10]} Be6
{[%clk 0:37:11]} 13. b3 {[%clk 0:48:01]} Rab8 {[%clk 0:36:01]} 14. e4
{[%clk 0:43:19]} Rfe8 {[%clk 0:31:26]} 15. Rfe1 {[%clk 0:40:48]} Qc5
{[%clk 0:27:30]} 16. Na4 {[%clk 0:35:27]} Qa7 {[%clk 0:21:13]} 17. Be3
{[%clk 0:24:47]} b6 {[%clk 0:21:05]} 18. h3 {[%clk 0:24:56]} Nd7 {[%clk 0:20:29]}
19. f4 {[%clk 0:24:32]} Nc5 {[%clk 0:17:40]} 20. Nc3 {[%clk 0:24:28]} Qc7
{[%clk 0:14:04]} 21. Nd5 {[%clk 0:22:12]} Bxd5 {[%clk 0:12:59]} 22. cxd5
{[%clk 0:22:19]} Rec8 {[%clk 0:12:08]} 23. Rc1 {[%clk 0:21:56]} a5
{[%clk 0:11:24]} 24. Bf2 {[%clk 0:18:44]} Qb7 {[%clk 0:09:51]} 25. e5
{[%clk 0:18:01]} Na6 {[%clk 0:07:29]} 26. Bd4 {[%clk 0:13:44]} Rxc1
{[%clk 0:05:31]} 27. Rxc1 {[%clk 0:14:05]} Nc5 {[%clk 0:05:23]} 28. Qe3
{[%clk 0:11:51]} Qd7 {[%clk 0:03:06]} 29. g4 {[%clk 0:09:00]} Qb5
{[%clk 0:02:21]} 30. Bf1 {[%clk 0:07:34]} Qd7 {[%clk 0:02:22]} 31. Bg2
{[%clk 0:07:08]} Qb5 {[%clk 0:02:42]} 32. Rc4 {[%clk 0:06:12]} Qd7
{[%clk 0:02:32]} 33. Bf3 {[%clk 0:05:34]} Qe8 {[%clk 0:02:16]} 34. Kg2
{[%clk 0:05:05]} Qd7 {[%clk 0:02:40]} 35. Kg3 {[%clk 0:04:20]} Qe8
{[%clk 0:03:03]} 36. Rc3 {[%clk 0:03:29]} Qd7 {[%clk 0:03:04]} 37. Qe2
{[%clk 0:02:44]} Qa7 {[%clk 0:02:02]} 38. h4 {[%clk 0:02:09]} Qd7
{[%clk 0:02:16]} 39. Qe3 {[%clk 0:01:34]} Qb5 {[%clk 0:02:04]} 40. Qe2
{[%clk 0:00:59]} Qxe2 {[%clk 0:01:03]} 41. Bxe2 {[%clk 0:29:41]} Ne4+
{[%clk 0:29:22]} 42. Kf3 {[%clk 0:29:42]} Nxc3 {[%clk 0:29:44]} 43. Bxc3
{[%clk 0:30:02]} e6 {[%clk 0:25:56]} 44. dxe6 {[%clk 0:24:46]} fxe6
{[%clk 0:26:16]} 45. Bc4 {[%clk 0:25:01]} Kf7 {[%clk 0:23:47]} 46. a4
{[%clk 0:18:34]} dxe5 {[%clk 0:21:14]} 47. fxe5 {[%clk 0:17:20]} Bf8
{[%clk 0:19:35]} 48. h5 {[%clk 0:12:39]} gxh5 {[%clk 0:16:35]} 49. gxh5
{[%clk 0:13:04]} Bc5 {[%clk 0:16:44]} 50. Bd3 {[%clk 0:09:41]} Kg7
{[%clk 0:13:30]} 51. Bc4 {[%clk 0:09:14]} Re8 {[%clk 0:12:16]} 52. Bd2
{[%clk 0:08:22]} Kf7 {[%clk 0:10:10]} 53. Bg5 {[%clk 0:05:25]} Rg8
{[%clk 0:09:11]} 54. Bf6 {[%clk 0:03:37]} Be7 {[%clk 0:09:06]} 55. Bxe7
{[%clk 0:01:39]} Kxe7 {[%clk 0:09:28]} 56. Bd3 {[%clk 0:01:16]} Rg5
{[%clk 0:07:41]} 57. h6 {[%clk 0:01:16]} Rxe5 {[%clk 0:07:16]} 58. Kg4
{[%clk 0:00:40]} Kf6 {[%clk 0:06:48]} 59. Bxh7 {[%clk 0:00:50]} Rg5+
{[%clk 0:06:25]} 60. Kh4 {[%clk 0:00:57]} Rg2 {[%clk 0:06:24]} 61. Kh3
{[%clk 0:00:39]} Rg1 {[%clk 0:04:00]} 62. Be4 {[%clk 0:00:31]} Re1
{[%clk 0:04:00]} 63. h7 {[%clk 0:00:36]} Kg7 {[%clk 0:04:14]} 64. Bc2
{[%clk 0:00:31]} Rh1+ {[%clk 0:02:20]} 65. Kg4 {[%clk 0:00:39]} Rxh7
{[%clk 0:02:20]} 66. Bxh7 {[%clk 0:00:38]} Kxh7 {[%clk 0:02:44]} 67. Kf4
{[%clk 0:01:01]} Kg6 {[%clk 0:03:10]} 68. Ke5 {[%clk 0:01:20]} Kf7
{[%clk 0:03:35]} 69. Kd6 {[%clk 0:00:47]} Kf6 {[%clk 0:03:54]} 70. Kc6
{[%clk 0:01:05]} e5 {[%clk 0:04:12]} 71. Kxb6 {[%clk 0:00:49]} e4
{[%clk 0:04:35]} 72. b4 {[%clk 0:01:06]} axb4 {[%clk 0:04:32]} 73. a5
{[%clk 0:01:04]} b3 {[%clk 0:04:56]} 0-1

[Event "Larsens Nordjyske Mindeturnering2018"]
[Site "KATEDRALSKOLEN AALBORG"]
[Date "2018.10.14"]
[Round "2.7"]
[White "Chritiansen, Arne"]
[Black "Borsos, Bogdan"]
[Result "1/2-1/2"]
[BlackElo "2277"]
[WhiteElo "2051"]
[LiveChessVersion "1.4.8"]

1. d4 {[%clk 1:30:59]} d5 {[%clk 1:24:34]} 2. c4 {[%clk 1:31:22]} dxc4
{[%clk 1:24:57]} 3. Nf3 {[%clk 1:31:42]} Nf6 {[%clk 1:25:13]} 4. e3
{[%clk 1:31:58]} e6 {[%clk 1:25:34]} 5. Bxc4 {[%clk 1:32:18]} a6 {[%clk 1:25:59]}
6. O-O {[%clk 1:29:38]} c5 {[%clk 1:26:23]} 7. Qe2 {[%clk 1:24:41]} Nc6
{[%clk 1:26:19]} 8. Rd1 {[%clk 1:23:55]} Qc7 {[%clk 1:26:34]} 9. Nc3
{[%clk 1:23:18]} Be7 {[%clk 1:26:52]} 10. dxc5 {[%clk 1:22:38]} Bxc5
{[%clk 1:27:07]} 11. a3 {[%clk 1:21:22]} O-O {[%clk 1:27:27]} 12. b4
{[%clk 1:21:41]} Bd6 {[%clk 1:27:07]} 13. Bb2 {[%clk 1:09:49]} Ne5
{[%clk 1:26:57]} 14. Nxe5 {[%clk 1:04:15]} Bxe5 {[%clk 1:26:10]} 15. f4
{[%clk 1:04:08]} Bd6 {[%clk 1:04:25]} 16. Rac1 {[%clk 0:58:39]} Qe7
{[%clk 0:59:43]} 17. Qd3 {[%clk 0:50:43]} Bb8 {[%clk 0:53:22]} 18. Ne4
{[%clk 0:50:43]} 1/2-1/2

[Event "Larsens Nordjyske Mindeturnering2018"]
[Site "KATEDRALSKOLEN AALBORG"]
[Date "2018.10.14"]
[Round "2.8"]
[White "Taksrud, Vidar"]
[Black "Jørgensen, Jørgen"]
[Result "0-1"]
[BlackElo "2211"]
[WhiteElo "2040"]
[LiveChessVersion "1.4.8"]

1. c4 {[%clk 1:30:24]} f5 {[%clk 1:30:32]} 2. Nf3 {[%clk 1:30:40]} Nf6
{[%clk 1:30:54]} 3. Nc3 {[%clk 1:30:45]} d6 {[%clk 1:30:37]} 4. d4
{[%clk 1:30:45]} g6 {[%clk 1:30:56]} 5. Qc2 {[%clk 1:29:30]} Bg7 {[%clk 1:27:35]}
6. h3 {[%clk 1:23:44]} O-O {[%clk 1:23:46]} 7. e3 {[%clk 1:22:17]} Nc6
{[%clk 1:23:06]} 8. d5 {[%clk 1:19:25]} Nb4 {[%clk 1:22:49]} 9. Qd2
{[%clk 1:19:24]} a5 {[%clk 1:21:31]} 10. Nd4 {[%clk 1:16:40]} Bd7
{[%clk 1:16:33]} 11. Be2 {[%clk 1:16:31]} c6 {[%clk 1:15:01]} 12. a3
{[%clk 1:12:24]} Na6 {[%clk 1:09:24]} 13. Bf3 {[%clk 1:06:55]} Rc8
{[%clk 0:58:05]} 14. O-O {[%clk 1:06:56]} Nc5 {[%clk 0:48:38]} 15. dxc6
{[%clk 1:00:12]} bxc6 {[%clk 0:48:34]} 16. b4 {[%clk 1:00:00]} axb4
{[%clk 0:38:48]} 17. axb4 {[%clk 1:00:16]} Nce4 {[%clk 0:38:58]} 18. Nxe4
{[%clk 0:58:17]} fxe4 {[%clk 0:36:24]} 19. Be2 {[%clk 0:58:30]} c5
{[%clk 0:36:18]} 20. bxc5 {[%clk 0:55:36]} Rxc5 {[%clk 0:35:49]} 21. Nb3
{[%clk 0:53:50]} Rc7 {[%clk 0:33:56]} 22. Bb2 {[%clk 0:53:43]} Be6
{[%clk 0:33:34]} 23. Nd4 {[%clk 0:49:55]} Bf7 {[%clk 0:33:38]} 24. Rfc1
{[%clk 0:44:07]} Nd7 {[%clk 0:30:04]} 25. Nb5 {[%clk 0:41:11]} Bxb2
{[%clk 0:29:06]} 26. Qxb2 {[%clk 0:41:30]} Rb7 {[%clk 0:29:14]} 27. Qd4
{[%clk 0:41:11]} Nc5 {[%clk 0:29:29]} 28. Rc3 {[%clk 0:39:17]} Qc8
{[%clk 0:26:49]} 29. f3 {[%clk 0:33:34]} Qe6 {[%clk 0:16:47]} 30. Rca3
{[%clk 0:30:31]} Rbb8 {[%clk 0:14:28]} 31. Nc7 {[%clk 0:29:52]} Qd7
{[%clk 0:14:12]} 32. Nd5 {[%clk 0:28:06]} Nb3 {[%clk 0:13:45]} 33. Qxe4
{[%clk 0:26:59]} Bxd5 {[%clk 0:11:30]} 34. cxd5 {[%clk 0:25:37]} Nxa1
{[%clk 0:11:48]} 35. Rxa1 {[%clk 0:25:59]} Ra8 {[%clk 0:11:32]} 36. Rxa8
{[%clk 0:24:50]} Rxa8 {[%clk 0:11:58]} 37. f4 {[%clk 0:25:08]} Ra4
{[%clk 0:08:56]} 38. Qc2 {[%clk 0:22:56]} Ra1+ {[%clk 0:08:48]} 39. Kh2
{[%clk 0:22:18]} Qf5 {[%clk 0:07:13]} 40. Bd3 {[%clk 0:21:08]} Qf6
{[%clk 0:07:14]} 41. Kg3 {[%clk 0:15:56]} Ra3 {[%clk 0:05:04]} 42. Kf3
{[%clk 0:13:40]} Kg7 {[%clk 0:04:23]} 43. Qc4 {[%clk 0:05:28]} Rc3
{[%clk 0:26:46]} 44. Qe4 {[%clk 0:35:31]} Rc5 {[%clk 0:23:35]} 45. g4
{[%clk 0:33:41]} Kf8 {[%clk 0:20:50]} 46. g5 {[%clk 0:33:30]} Qa1
{[%clk 0:19:42]} 47. Bb1 {[%clk 0:29:26]} Qa8 {[%clk 0:13:44]} 48. f5
{[%clk 0:26:06]} Qxd5 {[%clk 0:13:44]} 49. fxg6 {[%clk 0:25:49]} hxg6
{[%clk 0:13:26]} 50. Qxd5 {[%clk 0:25:19]} Rxd5 {[%clk 0:13:48]} 51. Bxg6
{[%clk 0:25:45]} Rxg5 {[%clk 0:14:10]} 52. Be4 {[%clk 0:26:04]} Kg7
{[%clk 0:14:09]} 53. Kf4 {[%clk 0:26:12]} Kf6 {[%clk 0:14:18]} 54. h4
{[%clk 0:26:04]} Ra5 {[%clk 0:12:40]} 55. Bf3 {[%clk 0:26:15]} Ra4+
{[%clk 0:12:09]} 56. Kg3 {[%clk 0:25:56]} e6 {[%clk 0:11:33]} 57. e4
{[%clk 0:23:28]} Ke5 {[%clk 0:10:31]} 58. h5 {[%clk 0:23:04]} Ra8
{[%clk 0:10:06]} 59. Bg4 {[%clk 0:19:53]} Re8 {[%clk 0:08:06]} 60. Kf3
{[%clk 0:20:00]} Rf8+ {[%clk 0:08:12]} 61. Kg3 {[%clk 0:20:18]} Rf6
{[%clk 0:08:31]} 62. Bf3 {[%clk 0:20:23]} Rf8 {[%clk 0:06:29]} 63. Bg4
{[%clk 0:20:40]} d5 {[%clk 0:06:07]} 64. exd5 {[%clk 0:21:00]} exd5
{[%clk 0:06:36]} 65. Be2 {[%clk 0:18:45]} Ke4 {[%clk 0:06:22]} 66. Bd1
{[%clk 0:18:45]} d4 {[%clk 0:06:22]} 67. Bb3 {[%clk 0:18:45]} Rf3+
{[%clk 0:06:22]Problemer med E-bræt.} 0-1